| 000 | 01006nam a2200253Ia 4500 | ||
|---|---|---|---|
| 999 |
_c36035 _d36035 |
||
| 001 | 1934 | ||
| 003 | GE_BSU | ||
| 005 | 20221011103709.0 | ||
| 008 | 181216s2005ru xx |||||||||||||| ||rus|| | ||
| 020 | _a238009623 | ||
| 040 | _cGE_BSU | ||
| 041 | _arus | ||
| 080 | _a343(470)(075.8) У-26 | ||
| 245 |
_aУголовное право : _bУчебник для студ. высш учеб. Завед. / _cПод. ред. Н.И. Ветрова, А.В.Бриллиантова |
||
| 245 | _bИзд.3-ье, перер.и доп. | ||
| 264 |
_aМосква : _bЮнити. Закон и право , _c2005. |
||
| 300 |
_a623 с.: _b21 см. |
||
| 653 | _aУголовное право. | ||
| 653 | _aსისხლის სამართლის სამართალი | ||
| 653 | _aსამართალი | ||
| 700 |
_aВетрова, Н.И. _eრედაქტორი _915219 |
||
| 700 |
_aБриллиантова, А.В. _eრედაქტორი _915220 |
||
| 942 |
_cBK _2udc |
||